China and religion / (Record no. 29677)
[ view plain ]
| 000 -LEADER | |
|---|---|
| fixed length control field | 00853nam a2200181 4500 |
| 008 - FIXED-LENGTH DATA ELEMENTS--GENERAL INFORMATION | |
| fixed length control field | 070723s1905 nyufc 000 0 eng |
| 090 ## - LOCALLY ASSIGNED LC-TYPE CALL NUMBER (OCLC); LOCAL CALL NUMBER (OCLC) | |
| Classification number (OCLC) (R) ; Classification number, CALL (RLIN) (NR) | BL1801 |
| Local cutter number (OCLC) ; Book number/undivided call number, CALL (RLIN) | P22c |
| 100 1# - MAIN ENTRY--PERSONAL NAME | |
| Personal name | Parker, Edward Harper, |
| Dates associated with a name | 1849-1926. |
| 245 10 - TITLE STATEMENT | |
| Title | China and religion / |
| Statement of responsibility, etc | by Edward Harper Parker ... |
| 260 ## - PUBLICATION, DISTRIBUTION, ETC. (IMPRINT) | |
| -- | ew York : |
| Name of publisher, distributor, etc | Ep P. Dutton and Company, |
| Date of publication, distribution, etc | 1905. |
| 300 ## - PHYSICAL DESCRIPTION | |
| Extent | xxvii, 317, [1] p. |
| Other physical details | front. (port.) 11 pl. |
| Dimensions | 23 cm. |
| 500 ## - GENERAL NOTE | |
| General note | "List of authorities": p. xi-xiii. |
| 505 0# - FORMATTED CONTENTS NOTE | |
| Formatted contents note | Introduction.--China's primitive religion.--Taoism.--Confucianism.--Buddhism.--Fire worship and Manicheism.--Nestorianism.--Islam.--The Jews.--The Roman church.--Protestantism.--The Orthodox church.--Shintoism.--Index. |
| 651 #4 - SUBJECT ADDED ENTRY--GEOGRAPHIC NAME | |
| Geographic name | China |
| General subdivision | Religion. |
| 951 ## - EQUIVALENCE OR CROSS-REFERENCE-GEOGRAPHIC NAME/AREA NAME [OBSOLETE] [CAN/MARC only] | |
| General subdivision | 00035143 |
| 951 ## - EQUIVALENCE OR CROSS-REFERENCE-GEOGRAPHIC NAME/AREA NAME [OBSOLETE] [CAN/MARC only] | |
| -- | 30938 |
| -- | SP-CBL1801/P22c |
| -- | 070723130805171 |
| -- | 2000-12-21 |
| -- | SP-C GC |
| Withdrawn status | Lost status | Damaged status | Not for loan | Home library | Current library | Shelving location | Date acquired | Accession number | Shelving control number | Total Checkouts | Full call number | Barcode | Date last seen | Price effective from | Koha item type | Source of classification or shelving scheme |
|---|---|---|---|---|---|---|---|---|---|---|---|---|---|---|---|---|
| BSOP Library | BSOP Library | 12/21/2000 | 30938 | 127 | SP-CBL1801/P22c | 00035143 | 02/23/2013 | 02/23/2013 | Books | |||||||
| BSOP Library | BSOP Library | General Circulation | 12/10/2025 | 14590 | 299.51 P22 | 00020687 | 12/10/2025 | 12/10/2025 | Books | Dewey Decimal Classification |
